Fontanier : autour et au-delà la rhétorique dans le premier tiers du XIXe siècle (notice n° 1653872)

détails MARC
000 -LEADER
fixed length control field 01561cam a2200157 4500500
005 - DATE AND TIME OF LATEST TRANSACTION
control field 20260208005816.0
041 ## - LANGUAGE CODE
Language code of text/sound track or separate title fre
042 ## - AUTHENTICATION CODE
Authentication code dc
100 10 - MAIN ENTRY--PERSONAL NAME
Personal name Vibert, Anne
Relator term author
245 00 - TITLE STATEMENT
Title Fontanier : autour et au-delà la rhétorique dans le premier tiers du XIXe siècle
260 ## - PUBLICATION, DISTRIBUTION, ETC.
Date of publication, distribution, etc. 2005.<br/>
500 ## - GENERAL NOTE
General note 15
520 ## - SUMMARY, ETC.
Summary, etc. Si le Manuel classique pour l’étude des Tropes de Pierre Fontanier a pu être présenté par Gérard Genette comme l’« aboutissement le plus représentatif et le plus achevé » de la rhétorique classique, une meilleure connaissance de l’histoire de la rhétorique nous permet désormais de lui restituer une place beaucoup plus marginale. Le premier tiers du XIXe siècle connaît en effet une véritable renaissance de la rhétorique — restaurée dans toute son extension — et avec elle de l’éloquence qui retrouve un rôle actif dans la cité. Tandis que le manuel de Fontanier entendait proposer « une vraie Théorie des Tropes » et non former à l’art oratoire, d’autres manuels, plus représentatifs de leur époque, sont en quête de nouveaux modèles pour les orateurs. On assiste alors à la naissance d’une nouvelle éloquence fondée sur l’improvisation, qui mobilise les ressources de l’invention et de la disposition plutôt que celles de l’élocution.
786 0# - DATA SOURCE ENTRY
Note Revue d'histoire littéraire de la France | 105 | 2 | 2005-03-01 | p. 369-393 | 0035-2411
856 41 - ELECTRONIC LOCATION AND ACCESS
Uniform Resource Identifier <a href="https://shs.cairn.info/revue-d-histoire-litteraire-de-la-france-2005-2-page-369?lang=fr&redirect-ssocas=7080">https://shs.cairn.info/revue-d-histoire-litteraire-de-la-france-2005-2-page-369?lang=fr&redirect-ssocas=7080</a>

Pas d'exemplaire disponible.

PLUDOC

PLUDOC est la plateforme unique et centralisée de gestion des bibliothèques physiques et numériques de Guinée administré par le CEDUST. Elle est la plus grande base de données de ressources documentaires pour les Étudiants, Enseignants chercheurs et Chercheurs de Guinée.

Adresse

627 919 101/664 919 101

25 boulevard du commerce
Kaloum, Conakry, Guinée

Réseaux sociaux

Powered by Netsen Group @ 2025